Perfil del sector no lucrativo en México /

محفوظ في:
التفاصيل البيبلوغرافية
المؤلف الرئيسي: Verduzco Igartúa, Gustavo (autor)
مؤلفون آخرون: List, Regina (autor) (autor), Salamon, Lester M. (autor) (autor)
التنسيق: كتاب
اللغة:الإسبانية
الموضوعات:
الوسوم: إضافة وسم
لا توجد وسوم, كن أول من يضع وسما على هذه التسجيلة!

MARC

LEADER 00000nam^a2200000^a^4500
001 000311741
005 20250521000000.0
009 20260310113055.293
037 |a Acervo ITESO - Biblioteca 
041 |a ESP 
082 |a 361. 736  |b VER 
100 |a Verduzco Igartúa, Gustavo  |e (autor) 
245 1 0 |a Perfil del sector no lucrativo en México /  |c G. Verduzco, R. List, L.M. Salamon. 
264 |a Baltimore, EUA :  |b Johns Hopkins University, Center for Civil Society Studies ;  |a México :  |b Centro Mexicano para la Filantropía,  |c fecha no identificada 
300 |a 1 folleto (22 p.) 
336 |a texto  |b txt  |2 rdacontenido 
337 |a sin mediación  |b n  |2 rdamedio 
338 |a volumen  |b nc  |2 rdasoporte 
649 |a XX 
650 |a Organizaciones No Gubernamentales -  |z México -  |x Tema Principal 
650 |a Instituciones de Beneficencia -  |z México -  |x Tema Principal 
700 |a List, Regina  |e (autor) 
700 |a Salamon, Lester M.  |e (autor) 
910 |a Fondo General 
920 |a Impresos - Libros 
930 |a Colección General 
905 |a 101 
901 |a 0500198337  |b IT2  |c FOL  |i D53447  |u 20250521 
902 |a https://opac.biblio.iteso.mx/vufind/Record/000311741